| 000 | 00786nam a22002057a 4500 | ||
|---|---|---|---|
| 003 | AM-YEHGA | ||
| 005 | 20250617164809.0 | ||
| 008 | 220404b ||||| |||| 00| 0 rus d | ||
| 040 | _aAM-YeHGA | ||
| 041 | 0 | _arus | |
| 100 | 1 | _aПопов, Валерий Львович. | |
| 245 | 1 | 0 |
_aГорное давление и рудничная крепь : _b[Учеб. пособие для горных техникумов] / _cВ.Л. Попов |
| 260 |
_aМосква : _bГосгортехиздат, _c1962. |
||
| 300 |
_a299 с., _bил. |
||
| 653 | 0 | _aГорное давление - Учебники и пособия | |
| 653 | 0 | _aРудничное крепление - Учебники и пособия | |
| 942 |
_2udc _cBK |
||
| 001 | 1827295 | ||
| 090 | _c568153 | ||
| 999 |
_c529670 _d529670 |
||